000 00758nab a2200229u 4500
001 22827
003 HDC
007 c| |||a|c|aaaa
008 210309b20091104my ||||o |||| 00| 0 eng d
040 _aHDC
100 _aTariq Mahmood /
_eauthor
_919546
245 0 _aFast Food, Franchising & Me /
_bTariq Mahmood
336 _atext
_2rdacontent
337 _acomputer
_2rdamedia
338 _aonline resource
_2rdacarrier
650 _afast food franchise project
_919547
650 _afully-branded restaurant
_919548
856 _zRequest full-text at [email protected]
942 _2lcc
942 _cNEWS
942 _kNWS0 005023
999 _c20143
_d20143